• 首页
  • 本馆介绍
  • 公告通知
  • 最新文献
  • 馆藏检索
  • 电子资源
  • 读者导购
  • 参考咨询
  • 我的图书馆
  • 登录
  • 详细信息显示
  • 放入我的书架
  • 预约/预借图书
  • 作者相关作品
  • 分类相关作品
  • 丛书相关作品
  • 出版社相关作品

书目信息

  • 表格格式
  • 工作单格式
  • 卡片格式
题名:
木材品质与营林环境
    
 
作者: 李坚 , 郭明辉 , 赵西平 著
分册:  
出版信息: 北京   科学出版社  2011
页数: 428页
开本: 24cm
丛书名:
单 册:
中图分类: S781
科图分类:
主题词: 营林--生态环境--影响--木材性质--研究 , 营林 , 生态环境 , 木材性质
电子资源:
ISBN: 978-7-03-031220-4
000 01041nam0 2200289 45
001 1355414624
005 20130513150754.64
010    @a978-7-03-031220-4@b精装@dCNY108.00
100    @a20130108d2011 em y0chiy50 ea
101 0  @achi
102    @aCN@b110000
105    @ay z 000yy
106    @ar
200 1  @a木材品质与营林环境@AMu Cai Pin Zhi Yu Ying Lin Huan Jing@f李坚,郭明辉,赵西平著@FLi Jian, Guo Ming Hui, Zhao Xi Ping Zhu
210    @a北京@c科学出版社@d2011
215    @a428页@d24cm
330    @a本书阐述了木材品质与立地质量、气候变化、培育措施等的关系;归纳了木材形成与环境作用的系统研究和方法;介绍了木材品质特征及其变异;总结了木材品质的预测和评定结果。
606 0  @a营林@x生态环境@x影响@x木材性质@x研究
606 0  @a营林
606 0  @a生态环境
606 0  @a木材性质
690    @aS781@v5
701  0 @a李坚@ALi Jian@f(1943.2~)@4著
701  0 @a郭明辉@AGuo Ming Hui@g(女,@f1964.10~)@4著
701  0 @a赵西平@AZhao Xi Ping@g(林业)@4著
801    @aCN@bTANGWEI@c20130111
905    @b0831150-52@dS781@e54@f3
    
    木材品质与营林环境/李坚,郭明辉,赵西平著.-北京:科学出版社,2011
    428页;24cm
    
    
    ISBN 978-7-03-031220-4(精装):CNY108.00
    本书阐述了木材品质与立地质量、气候变化、培育措施等的关系;归纳了木材形成与环境作用的系统研究和方法;介绍了木材品质特征及其变异;总结了木材品质的预测和评定结果。
●
相关链接 在E读中查询图书 在五车中查询图书 在当当中查询图书 在豆瓣中查询图书


正题名:木材品质与营林环境     索取号:S781/54         预约/预借

序号 登录号 条形码 馆藏地/架位号 状态 备注
1 0831150   208311502   第二样本阅览室/ [索取号:S781/54] 在馆    
2 0831151   208311511   第三借阅区/ [索取号:S781/54] 在馆    
3 0831152   208311520   第三借阅区/ [索取号:S781/54] 在馆    
唐山师范学院图书馆 欢迎您!
大连网信软件有限公司© 版权所有